Ferns and Lycophytes of Pernambuco state, Brazil: Serpocaulon (Polypodiaceae) (Registro n. 339279)
[ somente texto ]
| 000 -LÍDER | |
|---|---|
| fixed length control field | 03532nab a2200265 i 4500 |
| 003 - CÓDIGO MARC DA AGÊNCIA CATALOGADORA | |
| Campo de controle | BR-BrBNA |
| 005 - DATA E HORA DA ÚLTIMA ATUALIZAÇÃO | |
| Campo de controle | 20251129150558.0 |
| 008 - CAMPO DE TAMANHO FIXO | |
| fixed length control field | 251129b2023 bl.ar|pooa||| 00| 0 eng | |
| 040 ## - FONTE DA CATALOGAÇÃO | |
| Agência catalogadora | BR-BrBNA |
| Idioma da catalogação | eng |
| 072 ## - CATEGORIA AGRIS | |
| Código AGRIS | F70 |
| Código do objeto | 3373 |
| 100 ## - ENTRADA PRINCIPAL - NOME PESSOAL | |
| Nome pessoal | Sanín, David |
| 100 ## - ENTRADA PRINCIPAL - NOME PESSOAL | |
| Nome pessoal | Santiago, Augusto César Pessôa |
| 100 ## - ENTRADA PRINCIPAL - NOME PESSOAL | |
| Nome pessoal | Barros, Iva Carneiro Leão |
| 100 ## - ENTRADA PRINCIPAL - NOME PESSOAL | |
| Nome pessoal | Salino, Alexandre |
| 245 ## - TÍTULO PRINCIPAL | |
| Título principal | Ferns and Lycophytes of Pernambuco state, Brazil: Serpocaulon (Polypodiaceae) |
| 500 ## - NOTA GERAL | |
| Nota geral | Publicação on-line; Bibliography p. 9-11 (53 ref.); 4 illus.; Summaries (En, Pt) |
| 942 ## - ADDED ENTRY ELEMENTS (KOHA) | |
| Koha item type | Analítica |
| 520 ## - NOTA DE RESUMO | |
| Nota de conteúdo | <br/>Abstract<br/><br/>In order to contribute to the study of the fern flora of the state of Pernambuco, we provide a synopsis of the<br/>genus Serpocaulon (Polypodiaceae) for Pernambuco. The three main herbaria in the state (IPA, PEUFR,<br/>and UFP) and herbaria of national reference (BHCB, RB, and SP) were visited, and online databases were<br/>consulted. Field expeditions were carried out in the different phytogeographic zones of the state. Descriptions,<br/>diagnostic illustrations, a key to species identification, taxonomic comments, and the geographic distribution of<br/>the species in the state are presented. Five species were recorded: Serpocaulon catharinae, S. menisciifolium, <br/>S. polystichum, S. richardii, and S. triseriale. They occur from sea level up to 1100 m. All species were<br/>recorded in Atlantic Forest, and S. triseriale was also found in Caatinga. The occurrence of S. polystichum<br/>and S. richardii in Pernambuco are being confirmed in this study. Additionally, the northern distribution limit<br/>of the species S. catharinae and S. menisciifolium is recorded in this state.<br/><br/>Key words: Northern distribution in the Atlantic Forest, Brejos de Altitude, unprotected pteridophytes,<br/>taxonomic synopsis.<br/><br/><br/><br/><br/><br/>Resumo<br/><br/>Em adição aos estudos da flora de samambaias do estado de Pernambuco, esta contribuição tem o objetivo<br/>de apresentar a sinopse do gênero Serpocaulon (Polypodiaceae) para este estado. Foram visitados os três<br/>principais herbários de Pernambuco (IPA, PEUFR e UFP), além de herbários de referência nacional (BHCB,<br/>RB e SP) e fizemos consulta a bases de dados online. Também realizamos expedições de campo nas diferentes<br/>zonas fitogeográficas do estado. Apresentamos as descrições e ilustrações diagnósticas, uma chave para<br/>identificação das espécies, além de comentários taxonômicos e a distribuição geográfica das espécies no<br/>estado. Registramos cinco espécies (Serpocaulon catharinae, S. menisciifolium, S. polystichum, S. richardii e <br/>S. triseriale), as quais habitam ao nível do mar até 1100 m. Todas as espécies estão registradas em áreas de<br/>Floresta Atlântica, sendo S. triseriale também encontrada em áreas de Caatinga. Confirmamos a ocorrência<br/>de S. polystichum e de S. richardii para Pernambuco. Além disso, neste estado, registrou-se o limite norte da<br/>distribuição das espécies S. catharinae e S. menisciifolium. <br/><br/>Palavras-chave: Brejos de Altitude, Distribuição Norte na Mata Atlântica, samambaias desprotegidas,<br/>sinopse taxonômica. |
| 650 ## - ASSUNTO - THESAGRO | |
| Cabeçalho tópico ou nome geográfico | SAMAMBAIA |
| 650 ## - ASSUNTO - THESAGRO | |
| Cabeçalho tópico ou nome geográfico | MATA ATLÂNTICA |
| 650 ## - ASSUNTO - THESAGRO | |
| Cabeçalho tópico ou nome geográfico | TAXONOMIA |
| 773 0# - ENTRADA ANALÍTICA | |
| Host Biblionumber | 709 |
| Registro do item | 359038 |
| Imprenta | Rio de Janeiro-RJ Jardim Botanico do Rio de Janeiro 1935 |
| Outro identificador | 2025-7012 |
| Título | Rodriguésia (Brazil) |
| ISSN | 0370-6583; 2175-7860 on-line |
| Colação | v. 74 p. 1-11; (2023) |
| Número de controle de registro | BR2025004390 |
| 856 ## - ACESSO E ENDEREÇO ELETRÔNICO | |
| Identificador uniforme de recurso - URI | https://www.scielo.br/j/rod/a/KqPKTzwdwXQVHGGmZ3KgK5g/?format=pdf&lang=en |
Nenhum exemplar disponível.

BINAGRI